| 000 | 00993cam a2200193 4500 | ||
|---|---|---|---|
| 001 | WB3710-10 | ||
| 008 | 000000n2001 000 0 eng u | ||
| 035 | _a(Sirsi) u111294 | ||
| 245 | _aThames gateway proves a success | ||
| 260 | _c2001 | ||
| 490 |
_aDETR Press Release _v(pr104) 1 March 2001, (1) |
||
| 520 | _aA research report commissioned by the DETR, reviewing progress in the Thames Gateway since planning guidance was produced in 1995, has been published. This indicates that growth in the area has been a success. It suggests that the establishment of a single body with overall responsibility for the area's development was a key component in this success. For copies of the report, priced at £25 (+p&p), contact: DETR Publications Sale Centre, Unit 21, Goldthorpe Industrial Estate, Goldthorpe, Rotherham, S63 9BL. | ||
| 590 | _aWB | ||
| 650 | _aDETR | ||
| 650 | _aTHAMES GATEWAY | ||
| 650 | _aPLANNING POLICY | ||
| 690 | _aPROPERTY-PROPERTY DEVELOPMENT | ||
| 942 | _n0 | ||
| 999 |
_c66318 _d66318 |
||